000 00619nam a2200169 a 4500
008 120416s1969 ||||||||||||||||| || u
050 _aJN 6598.K7 Hou
100 _aHough, Jerry F
245 1 4 _aThe Soviet prefects
246 _athe local party organs in industrial decision-making
260 _aCambridge, Mass.
_bHarvard Univ. P
_c1969
300 _axiii, 416p. : ill.
350 _a0.00
650 _aPARTY ORGANS--SOVIET UNION
650 _aPOLITICS
995 _D0.00
_FCBU-MAIN LIBRARY (Kitwe)
_H1
_I0.00
_M1
_UAVAILABLE
_ZAnnex Low-Usage Collection
999 _c58016
_d58016